TH-SOF-0603-HIGHER ORDER SLIDING MODE CONTROL OF PROTON EXCHANGE MEMBRANE FUEL CELL SYSTEM.pdf (Record no. 578828)

000 -LEADER
fixed length control field 00409nam a22001217a 4500
082 ## - DEWEY DECIMAL CLASSIFICATION NUMBER
Classification number THE 200
100 ## - MAIN ENTRY--PERSONAL NAME
Personal name ASAD HAMEED,
9 (RLIN) 72848
245 ## - TITLE STATEMENT
Title TH-SOF-0603-HIGHER ORDER SLIDING MODE CONTROL OF PROTON EXCHANGE MEMBRANE FUEL CELL SYSTEM.pdf
260 ## - PUBLICATION, DISTRIBUTION, ETC.
Place of publication, distribution, etc. NUST COLLEGE OF EME
Name of publisher, distributor, etc. ISLAMABAD
Date of publication, distribution, etc. 2018
650 ## - SUBJECT ADDED ENTRY--TOPICAL TERM
Topical term or geographic name entry element MS-ELECT-55 MSTHESIS
9 (RLIN) 72849
700 ## - ADDED ENTRY--PERSONAL NAME
Personal name DR.KHALID MUNAWAR, DR.AMER IQBAL BHATTI
9 (RLIN) 72850
942 ## - ADDED ENTRY ELEMENTS (KOHA)
Koha item type Computer Files
Holdings
Withdrawn status Lost status Damaged status Not for loan Permanent Location Current Location Shelving location Date acquired Total Checkouts Full call number Barcode Date last seen Price effective from Koha item type
        College of Electrical & Mechanical Engineering (CEME) College of Electrical & Mechanical Engineering (CEME) Reference 03/12/2020   THE 200 TH-SOF-0603 06/28/2021 06/28/2021 Computer Files
© 2023 Central Library, National University of Sciences and Technology. All Rights Reserved.